Command and control : (Record no. 549997)
[ view plain ]
| 000 -LEADER | |
|---|---|
| fixed length control field | 00629nam a2200193 a 4500 |
| 020 ## - INTERNATIONAL STANDARD BOOK NUMBER | |
| International Standard Book Number | 1857530152 |
| 082 00 - DEWEY DECIMAL CLASSIFICATION NUMBER | |
| Classification number | 355.0335567 |
| Author Mark | RIC |
| -- | L-30, P-70 |
| 100 1# - MAIN ENTRY--PERSONAL NAME | |
| Personal name | Rice, M. A. |
| 9 (RLIN) | 46762 |
| 245 00 - TITLE STATEMENT | |
| Title | Command and control : |
| Remainder of title | support systems in the Gulf War |
| Statement of responsibility, etc. | M.A. Rice & A.J. Sammes. |
| 250 ## - EDITION STATEMENT | |
| Edition statement | 1st ed. |
| 260 ## - PUBLICATION, DISTRIBUTION, ETC. | |
| Place of publication, distribution, etc. | London ; |
| -- | New York : |
| Name of publisher, distributor, etc. | Brassey's, |
| Date of publication, distribution, etc. | 1994. |
| 300 ## - PHYSICAL DESCRIPTION | |
| Extent | 139 p. : |
| Other physical details | ill. ; |
| Dimensions | 25 cm. |
| 526 ## - STUDY PROGRAM INFORMATION NOTE | |
| Program name | 0 |
| Interest level | 0 |
| Reading level | 0 |
| Title point value | 355_033556700000000_RIC |
| 650 #0 - SUBJECT ADDED ENTRY--TOPICAL TERM | |
| Topical term or geographic name entry element | Command and control systems |
| Geographic subdivision | Great Britain. |
| 9 (RLIN) | 46763 |
| 650 #0 - SUBJECT ADDED ENTRY--TOPICAL TERM | |
| Topical term or geographic name entry element | MCE |
| 9 (RLIN) | 379 |
| 650 #0 - SUBJECT ADDED ENTRY--TOPICAL TERM | |
| Topical term or geographic name entry element | Persian Gulf War, 1991. |
| 9 (RLIN) | 432 |
| 700 1# - ADDED ENTRY--PERSONAL NAME | |
| Personal name | Sammes, A. J. |
| 9 (RLIN) | 46764 |
| 942 ## - ADDED ENTRY ELEMENTS (KOHA) | |
| Source of classification or shelving scheme | |
| Koha item type | Book |
| Withdrawn status | Lost status | Source of classification or shelving scheme | Damaged status | Not for loan | Permanent Location | Current Location | Date acquired | Total Checkouts | Full call number | Barcode | Date last seen | Price effective from | Koha item type |
|---|---|---|---|---|---|---|---|---|---|---|---|---|---|
| Military College of Engineering (MCE) | Military College of Engineering (MCE) | 10/17/2014 | 355.0335567 RIC | MCE-28542 | 10/17/2014 | 10/17/2014 | Book |
